Подробности
| 000 -МАРКЕР |
| контрольное поле |
01590nam0a22003011 4500 |
| 001 - ИДЕНТИФИКАТОР ЗАПИСИ |
| контрольное поле |
rc\2789286 |
| 005 - ИДЕНТИФИКАТОР ВЕРСИИ |
| контрольное поле |
20260407113246.0 |
| 035 ## - ДРУГИЕ СИСТЕМНЫЕ НОМЕРА |
| Идентификатор записи |
(NLR Aleph) 006915425 |
| 100 ## - ДАННЫЕ ОБЩЕЙ ОБРАБОТКИ |
| Данные общей обработки |
20110915d1935 |||y0rusy50 ca |
| 101 0# - ЯЗЫК РЕСУРСА |
| Язык текста, звукозаписи и т.д. |
русский |
| 102 ## - СТРАНА ПУБЛИКАЦИИ ИЛИ ПРОИЗВОДСТВА |
| Страна публикации |
Российская Федерация |
| 105 ## - ПОЛЕ КОДИРОВАННЫХ ДАННЫХ: ТЕКСТОВЫЕ МАТЕРИАЛЫ, МОНОГРАФИЧЕСКИЕ |
| Кодированные данные о монографическом текстовом документе |
ace z ||||| |
| 200 1# - ЗАГЛАВИЕ И СВЕДЕНИЯ ОБ ОТВЕТСТВЕННОСТИ |
| Основное заглавие |
Паровозы ФД-ИС |
| Сведения, относящиеся к заглавию |
Устройство и уход |
| Первые сведения об ответственности |
Авторы Коллектив Техбюро НКВД и инж-ры Р. П. Гриненко, П. Н. Догадкин, П. И. Тахтаулов |
| Последующие сведения об ответственности |
Отв. ред. И. А. Грач |
| 210 ## - ПУБЛИКАЦИЯ, РАСПРОСТРАНЕНИЕ И ДР. |
| Место издания, распространения и т.д. |
Москва |
| Имя издателя, распространителя и т. д. |
Редбюро Локомотивопроекта |
| Дата издания, распространения и т.д. |
1935 |
| Место изготовления |
Ленинград |
| -- |
Москва |
| Имя изготовителя |
тип. "Коминтерн" |
| -- |
тип. им. Сталина |
| 215 ## - ФИЗИЧЕСКАЯ ХАРАКТЕРИСТИКА |
| Специфическое обозначение материала и объем |
Переплет, XV, 395 с., 4 вкл. л. портр., черт. |
| Другие сведения о физической характеристике |
ил. |
| Размеры |
25х19 см. |
| 300 ## - ОБЩИЕ ПРИМЕЧАНИЯ |
| Текст примечания |
На обороте тит. л.: "Авторы коллектив Техбюро НКВД и инж-ры Р. П. Гриненко, П. Н. Догадкин и П. И. Тахтаулов" |
| 300 ## - ОБЩИЕ ПРИМЕЧАНИЯ |
| Текст примечания |
Переплет: П. Г. Таежный |
| 702 #1 - ИМЯ ЛИЦА - ВТОРИЧНАЯ ОТВЕТСТВЕННОСТЬ |
| Начальный элемент ввода |
Тахтаулов |
| Часть имени, кроме начального элемента ввода |
П.И. |
| Код отношения |
Прочие |
| 702 #1 - ИМЯ ЛИЦА - ВТОРИЧНАЯ ОТВЕТСТВЕННОСТЬ |
| Начальный элемент ввода |
Грач |
| Часть имени, кроме начального элемента ввода |
И.А. |
| Расширение инициалов личного имени |
Изяслав Александрович |
| Код отношения |
Редактор |
| 702 #1 - ИМЯ ЛИЦА - ВТОРИЧНАЯ ОТВЕТСТВЕННОСТЬ |
| Начальный элемент ввода |
Догадкин |
| Часть имени, кроме начального элемента ввода |
П.Н. |
| Код отношения |
Прочие |
| 702 #1 - ИМЯ ЛИЦА - ВТОРИЧНАЯ ОТВЕТСТВЕННОСТЬ |
| Начальный элемент ввода |
Гриненко |
| Часть имени, кроме начального элемента ввода |
Р.П. |
| Расширение инициалов личного имени |
Роман Петрович |
| Код отношения |
Прочие |
| 712 01 - НАИМЕНОВАНИЕ ОРГАНИЗАЦИИ - ВТОРИЧНАЯ ОТВЕТСТВЕННОСТЬ |
| Начальный элемент ввода |
СССР |
| Структурное подразделение |
Народный комиссариат внутренних дел |
| Идентификатор авторитетной/нормативной записи |
RU\NLR\AUTH\889942802 |
| Системный номер авторитетной/нормативной записи |
380627 |
| 801 #0 - ИСТОЧНИК ЗАПИСИ |
| Страна |
Российская Федерация |
| Организация |
NLR |
| Правила каталогизации |
psbo |
| 801 #1 - ИСТОЧНИК ЗАПИСИ |
| Страна |
Российская Федерация |
| Организация |
ELAR |
| Источник данных |
rusmarc |
| 852 ## - МЕСТОНАХОЖДЕНИЕ И ШИФР ХРАНЕНИЯ |
| Идентификатор организации |
NLR |
| Шифр хранения (Call Number) |
35-5/365 |
| 942 ## - ДОПОЛНИТЕЛЬНЫЕ ЭЛЕМЕНТЫ ЗАПИСИ (АБИС) |
| Тип экземпляра АБИС |
Книга |
| 980 ## - КОЛЛЕКЦИЯ |
| Название коллекции |
Национальная библиография |